International Management : (Record no. 351953)

000 -LEADER
fixed length control field 00603nam a22002057a 4500
003 - CONTROL NUMBER IDENTIFIER
control field OSt
005 - DATE AND TIME OF LATEST TRANSACTION
control field 20180116183100.0
008 - FIXED-LENGTH DATA ELEMENTS--GENERAL INFORMATION
fixed length control field 161202b xxu||||| |||| 00| 0 eng d
020 ## - INTERNATIONAL STANDARD BOOK NUMBER
International Standard Book Number 9789332518353
040 ## - CATALOGING SOURCE
Transcribing agency 0
082 ## - DEWEY DECIMAL CLASSIFICATION NUMBER
Classification number 658.049 DER 2014
100 ## - MAIN ENTRY--PERSONAL NAME
Personal name Deresky,Helen
245 ## - TITLE STATEMENT
Title International Management :
Remainder of title Managing Across Borders and Cultures,Text and Cases
Statement of responsibility, etc. Helen Deresky
250 ## - EDITION STATEMENT
Edition statement 8th ed.
260 ## - PUBLICATION, DISTRIBUTION, ETC.
Place of publication, distribution, etc. India
Name of publisher, distributor, etc. PEARSON
Date of publication, distribution, etc. 2014
300 ## - PHYSICAL DESCRIPTION
Extent 401p.
Other physical details PB.
440 ## - SERIES STATEMENT/ADDED ENTRY--TITLE
Title International Management :Managing Across Borders and Cultures,Text and Cases
500 ## - GENERAL NOTE
General note PB.
942 ## - ADDED ENTRY ELEMENTS (KOHA)
Source of classification or shelving scheme
Koha item type Book
Holdings
Withdrawn status Lost status Source of classification or shelving scheme Damaged status Not for loan Collection code Permanent Location Current Location Shelving location Date acquired Total Checkouts Full call number Barcode Date last seen Date last checked out Price effective from Koha item type
            Central Library (CL) Central Library (CL) General Stacks 12/02/2016 1 658.049 DER 2014 NBS10250 12/05/2016 12/05/2016 12/02/2016 Book
© 2023 Central Library, National University of Sciences and Technology. All Rights Reserved.